Регионална библиотека "Любен Каравелов" - Русе

Много ли трябва на човека (Запис номер 468595)

MARC детайли
000 -Лидер
Контролно поле с фиксирана дължина nam a22 a 4500
003 - Код на организацията, давaща контролен номер
Контролно поле BLK
005 - Дата и час на последна редакция
Контролно поле 20220729094109.0
008 - Елементи от данни с фиксирана дължина
fixed length control field 210301b bul|||||r ||||||| ||bul||
040 ## - Източник на каталожния запис
Идентификатор на билиотеката - собственик на записа BLK
041 ## - Код за език
Код за езика на текст/звукозапис или на отделно заглавие Български
Код за езика КДБФ Български
080 ## - УДК
Текстов определител УДК Управление на предприятията. Организация на производството, търговията, транспорта и съобщенията. Полиграфическа промишленост и издателско дело 005
УДК код - определител по УДК 005
УДК - код + определител 005
100 ## - Редна дума - Автор
Автор Кобрински, Арон Ефтимович
Авторска отговорност първи автор
R(LIN) 1299
139 ## - Редно поле
Редна дума Кобрински, Арон Ефтимович и др.
245 ## - Сведения за заглавието
Заглавие Много ли трябва на човека
Редно поле (дума) Арон Кобрински, Натан Е. Кобрински; прев. от рус. Гюргена Чакърова.
257 ## - Страна на издаване
Страна на създаване/издаване СССР
260 ## - Област на издателските данни
Място на издаване, разпространение и проч. София
Име на издателя, разпространителя и проч. Профиздат
Година на издаване 1972
9 (RLIN) 210729
300 ## - Физическа характеристика
Страници 348 с.
Илюстрации и др. с ил.
Размери/Мащаб 20 см
380 ## - Жанр
Жанр Общ отдел
500 ## - Общи забележки
Забележка Ориг. загл. Много ли нужно человеку. - Науч.-попул. очерк за управление на производството. - Ил. направени от А. Колли и И. Чураков.
650 #0 - Допълнително описание по предмет – тема
Основно описание – тема или топоним Управление и организация
9 (RLIN) 460786
650 #7 - Допълнително описание по предмет – тема
Основно описание – тема или топоним Автоматизирани системи за управление
9 (RLIN) 146298
653 #7 - Ключова дума – ненормативна
Ключова дума производство
9 (RLIN) 194672
653 #7 - Ключова дума – ненормативна
Ключова дума управление
9 (RLIN) 199022
700 1# - Други автори (авторска отговорност)
9 (RLIN) 79952
Лично име Кобринский, Натан Ефимович
Автороска отговорност (Описва отношението между автора и произведението) съавт.
700 ## - Други автори (авторска отговорност)
9 (RLIN) 315539
Лично име Чакърова, Гюргена
Автороска отговорност (Описва отношението между автора и произведението) прев. от рус.
852 ## - Местоположение
Форматна сигнатура Цб 62336
Фондова буква Хранилище
999 ## - СИСТЕМНИ КОНТРОЛНИ НОМЕРА
Koha biblionumber 468595
Koha biblioitemnumber 468595
942 ## - АРТИКУЛИ
Вид на библиотечния материал Книги
Скрит в OPAC Не
Периодичен библиозапис Да
944 ## - СЪЗДАВАНЕ И РЕДАКЦИЯ на ЗАПИСА
Създаване/Редакция Създаване
Дата на регистрацията/редакция 2022-07-29
Служител, извършил регистрацията/редакцията СТ
Наличности
Код за отписване Код за изгубен артикул Източник на класификационната схема Код за повреда Коз за рестрикции Код за отдаване Артикулен № Име на библиотеката - собственик Име на библиотеката, в която се намира в момента Статус (Текущо местоположение) Дата на вписване в системата Местоположение - отдел Цена в лева Инвентарен номер Систематично азбучна сигнатура Баркод Цена в евро Служебен тип на артикула
  Не е изгубен Universal Decimal Classification Не е повреден само за читалня ползва се в читалня 897938 Регионална библиотека "Любен Каравелов" Русе Регионална библиотека "Любен Каравелов" Русе Хранилище 2022-08-01 Хранилище 1.14 112360 Цб 62336 120000112360 0.58 Книги
Vip Innovations Ltd, Rousse, Bulgaria 2025